|
|
|
|
| LEADER |
00803nam a2200229 a 4500 |
| 001 |
2087845 |
| 008 |
100214s1996 nyua 001 0 eng d |
| 010 |
|
|
|a 95024399
|
| 020 |
|
|
|a 0201834103
|
| 040 |
|
|
|a DLC
|c DLC
|d DLC
|d DB-DhAAL
|
| 082 |
0 |
0 |
|a 808/.042
|2 20
|
| 100 |
1 |
|
|a Hogue, Ann.
|
| 245 |
1 |
0 |
|a First steps in academic writing /
|c Ann Hogue.
|
| 260 |
|
|
|a White Plains, NY :
|b Longman,
|c c1996.
|
| 300 |
|
|
|a xi, 212 p. :
|b ill. ;
|c 28 cm.
|
| 504 |
|
|
|a Includes index.
|
| 541 |
1 |
|
|e 00011361
|
| 650 |
|
0 |
|a English language
|x Rhetoric.
|
| 650 |
|
0 |
|a Academic writing.
|
| 852 |
4 |
|
|a Ayesha Abed Library
|j General Shelf.
|
| 999 |
|
|
|c 7496
|d 7496
|
| 952 |
|
|
|0 0
|1 0
|2 ddc
|4 0
|6 808_042000000000000_HOG_1996
|7 0
|9 8069
|a BRACUL
|b BRACUL
|c GEN
|d 2010-02-14
|l 4
|m 21
|o 808.042 HOG
|p 3010011361
|r 2014-09-23
|s 2014-07-22
|t 1
|w 2010-02-14
|y BK
|